| 000 | 00533nam a2200169 a 4500 | ||
|---|---|---|---|
| 001 | 822 | ||
| 003 | CDMR | ||
| 005 | 20131014121835.0 | ||
| 008 | 130130s1946||||||||||||||||||||||||||||d | ||
| 040 |
_aCDMR _bcat _cCDMR |
||
| 100 | 1 |
_aSimón Diaz, José _9646 |
|
| 245 | 1 | 3 |
_aEl Alba _b: (Madrid 1838-1839) _cpor José Simón Díaz |
| 260 |
_aMadrid _c1946 _bConsejo Superior de Investigaciones Científicas. Instituto Nicolás Antonio |
||
| 300 | _a53 p. | ||
| 490 | 0 |
_aColección de Índices de Publicaciones Periódicas _v3 |
|
| 942 |
_cMON _2udc |
||
| 999 |
_c822 _d822 |
||